000 00629nam a2200217Ia 4500
005 20260415173411.0
008 008 250505s9999 xx 000 0 eng d
020 _a978-93-91978-09-9
037 _aReference
040 _aFEDL
_beng
_cFEDL
041 _aeng
_2eng
084 _a001.42 FLI/RR
_qFEDL
100 _aFlick Uwe
245 0 _aIntroducing research methodology:Thinking your way through your research project
250 _a3
260 _aLondon, UK
_bSage
_c2020
300 _axxvii, 384p.
365 _aGBP
_b37.99
942 _cREF
_h001.42 FLI/RR
999 _c1400031
_d1400031